Críticas de la Economía Política : Edición Latinoamericana : no. 5, octubre-diciembre 1977 : la cuestión agraria /

Guardat en:
Dades bibliogràfiques
Altres autors: Moncayo, Víctor Manuel (autor) (autor)
Format: Llibre
Idioma:espanyol
Publicat: México : El Caballito, 1977, c1977
Etiquetes: Afegir etiqueta
Sense etiquetes, Sigues el primer a etiquetar aquest registre!

MARC

LEADER 00000nam^a2200000^a^4500
001 000627851
005 20260212000000.0
009 20260310134102.252
037 |a Acervo Xavier Clavigero 
041 |a ESP 
091 |a FHG. 01208 
240 1 1 |a [Críticas de la Economía Política: Edición Latinoamericana] 
245 0 0 |a Críticas de la Economía Política :  |b Edición Latinoamericana : no. 5, octubre-diciembre 1977 : la cuestión agraria / 
264 4 |a México :  |b El Caballito,  |c 1977, c1977 
300 |a 108 p. 
336 |a texto  |b txt  |2 rdacontenido 
337 |a sin mediación  |b n  |2 rdamedio 
338 |a volumen  |b nc  |2 rdasoporte 
649 |a XX 
700 |a Moncayo, Víctor Manuel  |e (autor) 
910 |a Fondo Humberto García Bedoy S.J. 
920 |a Impresos - Libros 
930 |a Fondos Especiales 
905 |a 148 
901 |a 627851-10  |b IT2  |c ESP  |i D  |u 20260212 
902 |a https://opac.biblio.iteso.mx/vufind/Record/000627851